Mikroštruktúra amorfných kovových zliatin
Uložené v:
| Hlavný autor: | |
|---|---|
| Ďalší autori: | |
| Médium: | Rukopis Kniha |
| Jazyk: | Slovak |
| Vydavateľské údaje: |
2019
|
| Predmet: | |
| On-line prístup: | http://is.stuba.sk/zp/portal_zp.pl?podrobnosti=147758 |
| Tagy: |
Žiadne tagy, Buďte prvý, kto otaguje tento záznam!
|
MARC
| LEADER | 00000ntm a22000003a 4500 | ||
|---|---|---|---|
| 001 | stuzp73101 | ||
| 003 | SK-STU | ||
| 005 | 20190923092100.1 | ||
| 007 | ta | ||
| 008 | 150427s2015----xo-----f-mn---000-0-slo-d | ||
| 040 | |a STU |b slo | ||
| 041 | 0 | |a slo | |
| 044 | |a xo | ||
| 100 | 1 | |a Grey, Daniel George |u 036000 |4 aut |U FEI Fakulta elektrotechniky a informatiky |T FEI Ústav jadrového a fyzikálneho inžinierstva |X 95588 |U E060 |Y 817 |7 95588 | |
| 242 | 0 | 1 | |a Microstructure of amorphous metallic alloys |y eng |
| 245 | 1 | 0 | |a Mikroštruktúra amorfných kovových zliatin |
| 260 | |c 2019 | ||
| 300 | |a 42 s. | ||
| 650 | 4 | |a amorfné pásky |2 slo | |
| 650 | 4 | |a Mössbauerova spektroskopia |2 slo | |
| 650 | 4 | |a Nanokryštalické materiály |2 slo | |
| 650 | 4 | |a kovové sklá |2 slo | |
| 650 | 4 | |a jemné magnetické vlastnosti |2 slo | |
| 650 | 4 | |a amorphous ribbons |2 eng | |
| 650 | 4 | |a Mössbauer spectroscopy |2 eng | |
| 650 | 4 | |a soft magnetic properties |2 eng | |
| 650 | 4 | |a Nanocrystalline materials |2 eng | |
| 650 | 4 | |a metallic glasses |2 eng | |
| 700 | 1 | |a Miglierini, Marcel |u 036000 |k Z1 |4 ths |U FEI Fakulta elektrotechniky a informatiky |T FEI Ústav jadrového a fyzikálneho inžinierstva |X 1831 |U E060 |Y 817 |7 A000001831 | |
| 856 | 4 | |u http://is.stuba.sk/zp/portal_zp.pl?podrobnosti=147758 | |
| 996 | |b 284ER03090 |c E*Bc- 3090 |l EE36 |s P |a 0 |w stuzp73101_0001 | ||